Nexo, Revista del Hospital Italiano de Buenos Aires (Registro nro. 1271)
[ vista simple ]
| 000 -LEADER | |
|---|---|
| fixed length control field | 00715nas a22001817a 4500 |
| 008 - CAMPO DE CONTROL RECURSOS CONTINUADOS | |
| fixed length control field | 130315t20002003ag ||||| |||| 00| 0 spa d |
| 022 ## - INTERNATIONAL STANDARD SERIAL NUMBER | |
| International Standard Serial Number | 0328-5383 |
| 245 ## - TITULO | |
| Titulo | Nexo, Revista del Hospital Italiano de Buenos Aires |
| 260 ## - PUBLICACION, DISTRIBUCION, ETC. (PIE DE IMPRENTA) | |
| Lugar de publicación, distribución, etc | Buenos Aires: |
| Nombre de la editorial, distribuidor, etc. | Departamento de Docencia e Investigación del Hospital Italiano de Buenos Aires, |
| Fecha de publicación | 2000 |
| 300 ## - DESCRIPCION FISICA | |
| Extensión | v. : |
| 546 ## - NOTA DE IDIOMA | |
| Nota de lenguaje | español |
| 590 ## - NOTAS LOCALES (RLIN) | |
| Nota local | Indizada en: LILACS |
| 590 ## - NOTAS LOCALES (RLIN) | |
| Nota local | Dejo de publicarse, siguió a continuación la "Revista del Hospital Italiano de Buenos Aires" |
| 590 ## - NOTAS LOCALES (RLIN) | |
| Nota local | Existencias: 2000 20(2,3); 2001 21(1-3, nº extraord.); 2003 23(1,2) |
| 650 ## - MATERIA-TERMINO TEMATICO | |
| Término temático | MEDICINA INTERNA |
| 9 (RLIN) | 1738 |
| 650 ## - MATERIA-TERMINO TEMATICO | |
| Término temático | HOSPITAL ITALIANO DE BUENOS AIRES |
| 9 (RLIN) | 1988 |
| 942 ## - ADDED ENTRY ELEMENTS (KOHA) | |
| Source of classification or shelving scheme | Dewey Decimal Classification |
| Item type | Continuing Resources |
No hay ítems disponibles.